ARCH models and financial applications (Record no. 372571)

MARC details
000 -LEADER
fixed length control field 00648nam a2200205Ia 4500
008 - FIXED-LENGTH DATA ELEMENTS--GENERAL INFORMATION
fixed length control field 191130s1997##################000#0#eng##
020 ## - INTERNATIONAL STANDARD BOOK NUMBER
ISBN 9780387948768
082 ## - DEWEY DECIMAL CLASSIFICATION NUMBER
Classification number 332 GOU
100 ## - MAIN ENTRY--AUTHOR NAME
Personal name Gourieroux, Christian
245 ## - TITLE STATEMENT
Title ARCH models and financial applications
Statement of responsibility, etc Christian Gouriéroux
260 ## - PUBLICATION, DISTRIBUTION, ETC. (IMPRINT)
Place of publication Berlin
Name of publisher Springer
Year of publication 1997
300 ## - PHYSICAL DESCRIPTION
Number of Pages ix, 228 p. : ill. ; 24 cm
500 ## - GENERAL NOTE
General note Includes bibliographical references (p. [207]-226) and index
650 ## - SUBJECT ADDED ENTRY--TOPICAL TERM
Topical Term Autoregression (Statistics)
Topical Term Finance - Mathematical models
991 ## -
-- 142502
Holdings
Withdrawn status Lost status Damaged status Not for loan Home library Current library Shelving location Date acquired Full call number Accession Number Price effective from Koha item type
        Anna Centenary Library Anna Centenary Library 4TH FLOOR, A WING 17.10.2020 332 GOU 263003 17.10.2020 English Books

Find us on the map